| 000 | 00482nam a2200181Ia 4500 | ||
|---|---|---|---|
| 001 | 20146 | ||
| 005 | 20260306172744.0 | ||
| 008 | 260306t2011||||xx |||||||||||||| ||spa|| | ||
| 041 | _aESP | ||
| 082 |
_a342.8 _bA36 |
||
| 100 |
_aAlbiez Dohrmann, Klaus Jochen _eAUT |
||
| 245 | 0 | _aDerecho privado europeo y modernización del derecho contractual en España | |
| 260 | _c2011 | ||
| 300 |
_a626 páginas : _c24 cm. |
||
| 650 | _aGEN | ||
| 654 | _aCDE | ||
| 942 |
_cLIB _dJUS _fJUS _2ddc _n |
||
| 999 |
_c20146 _d20146 |
||